000167998 001__ 167998
000167998 005__ 20260123152958.0
000167998 0247_ $$2doi$$a10.1016/j.ricma.2016.07.001
000167998 0248_ $$2sideral$$a147581
000167998 037__ $$aART-2016-147581
000167998 041__ $$aeng
000167998 100__ $$aMartí, M.R.
000167998 245__ $$aEstudio anatómico de la vascularización peroneal y su importancia clínica para el injerto vascularizado de peroné
000167998 260__ $$c2016
000167998 5060_ $$aAccess copy available to the general public$$fUnrestricted
000167998 5203_ $$aIntroducción: Desde que Ueba utilizara por primera vez el injerto óseo vascularizado de peroné en 1973, esta técnica se ha usado con éxito como método de reconstrucción de múltiples tipos de defectos óseos. La correcta vascularización del injerto es clave para su supervivencia. El objetivo de este trabajo es describir la vascularización diafisaria y epifisaria proximal del peroné.Material y método: Se utilizaron 12 especímenes de cadáver criopreservado inyectados con látex negro. Se procedió a su disección, seguida de una técnica de corrosión en solución alcalina para demostrar la distribución de la red vascular del peroné de forma precisa.Resultados: Observamos que el peroné recibe su irrigación sobre todo de una abundante red de vasos periósticos en la diáfisis y en menor medida de la arteria nutricia. Apreciamos que la epífisis proximal presenta entre 2 y 6 ramos recurrentes, procedentes de las arterias tibial anterior y tronco tibioperoneo.Conclusión: El aporte vascular perióstico de la diáfisis del peroné es el mayoritario, siendo limitada la vascularización a través de la arteria nutricia. En la epífisis proximal, la presencia de vasos recurrentes accesorios puede ser de relevancia durante la cirugía.
000167998 540__ $$9info:eu-repo/semantics/openAccess$$aby-nc-nd$$uhttps://creativecommons.org/licenses/by-nc-nd/4.0/deed.es
000167998 655_4 $$ainfo:eu-repo/semantics/article$$vinfo:eu-repo/semantics/publishedVersion
000167998 700__ $$aMedina, D.
000167998 700__ $$aEspañol, G.J.
000167998 700__ $$aPérez, M.
000167998 700__ $$0(orcid)0000-0003-1114-4045$$aBetancourt, J.R.
000167998 773__ $$g44, 02 (2016), 078-085$$pRev. iberoam. cir. mano$$tRevista Iberoamericana de Cirugia de la Mano$$x1698-8396
000167998 8564_ $$s2354869$$uhttps://zaguan.unizar.es/record/167998/files/texto_completo.pdf$$yVersión publicada
000167998 8564_ $$s2024437$$uhttps://zaguan.unizar.es/record/167998/files/texto_completo.jpg?subformat=icon$$xicon$$yVersión publicada
000167998 909CO $$ooai:zaguan.unizar.es:167998$$particulos$$pdriver
000167998 951__ $$a2026-01-23-14:33:07
000167998 980__ $$aARTICLE